| 000 | 00759nam a2200181Ia 4500 | ||
|---|---|---|---|
| 008 | 090122s9999 xx 000 0 und d | ||
| 082 | _b12158 | ||
| 100 |
_aहरकारे _bअरूण |
||
| 245 | _aकर्पूरीदेवी आणि पृथ्वीराज चौहान | ||
| 260 |
_bनंदादीप बुक सव्हिसेस् _c2007 |
||
| 300 | _a223 | ||
| 501 | _aललित वितरण / बि. नं. 209-21.9.07 | ||
| 600 | _aहरकारे | ||
| 630 | _aकर्पूरीदेवी आणि पृथ्वीराज चौहान | ||
| 700 | _aहरकारे | ||
| 730 | _aकर्पूरीदेवी आणि पृथ्वीराज चौहान | ||
| 942 | _cBOOK | ||
| 999 |
_c36235 _d36235 |
||